[Event "Fall Chess Classic 2017-A"]
[Site "Saint Louis"]
[Date "2017.09.12"]
[Round "7"]
[White "Kovalev, Vladislav"]
[Black "Liang, Awonder"]
[Result "1/2-1/2"]
[WhiteElo "2640"]
[BlackElo "2545"]
[Annotator "TA"]
[PlyCount "138"]
[EventDate "2017.??.??"]
[EventType "tourn"]
[EventCountry "USA"]
[SourceTitle "playchess.com"]
[Source "ChessBase"]
[SourceQuality "1"]

{[%evp 19,138,12,4,12,4,6,6,-8,0,0,0,0,0,0,0,0,16,33,39,30,45,56,44,19,41,0,51,32,29,-6,0,-3,-1,-36,-36,-52,-57,-57,-58,-89,-82,-83,28,0,0,0,19,20,20,-45,-41,-41,21,29,58,61,77,55,51,34,34,28,22,27,33,27,27,37,25,0,0,0,0,0,0,0,0,0,8,0,0,0,8,8,8,8,8,8,8,8,8,8,9,9,9,9,9,9,9,9,9,10,55,10,10,10,11,8,8,8,8,8,8,8,8,8,8,8,8,8,8]} 1. e4 c5 2. Nf3 d6 3. Bb5+ Nd7 4. O-O a6 5. Bd3 Ngf6 6. Re1 {B51: Sicilian: Moscow Variation (3 Bb5+) without 3...Bd7} (6. c3 g6 7. Re1 Bg7 8. Bf1 b5 9. d4 cxd4 10. cxd4 Bb7 11. e5 dxe5 12. dxe5 Nd5 13. e6 fxe6 14. Ng5 Nc5 15. Qf3 Rf8 16. Qh3 {½-½ (40) Navara,D (2737)-Nepomniachtchi,I (2751) Saint Louis 2017}) 6... e6 7. c3 b5 8. a4 Bb7 9. Bc2 c4 10. d4 cxd3 {LiveBook: 7 Games} 11. Qxd3 Nc5 12. Qe2 bxa4 13. Nbd2 $146 {[%cal Bb1d2,Bd2c4,Bc4b6][%mdl 32]} Be7 14. e5 dxe5 15. Nxe5 O-O 16. Ndc4 a5 17. Rd1 Qe8 18. Nb6 Rd8 19. Be3 a3 20. Rxa3 Rxd1+ 21. Bxd1 Qd8 22. Nbc4 a4 ({Black should try} 22... Nd5 $11) 23. Bxa4 (23. Bxc5 $5 Bxc5 24. Rxa4 $16) 23... Qd5 {[%csl Gb7][%cal Rd5g2] [#]} 24. Nf3 Nd3 $36 {[%mdl 2048] White is under pressure.} (24... Ba6 $5 25. Bb3 $8 Bb5 $11) 25. Nb6 Qe4 26. Bc2 Nf4 27. Qd1 Qc6 $1 28. Ra4 Rd8 29. Rd4 Rxd4 30. Bxd4 {[#]} g5 (30... Qb5 $1 $17 {aiming for ...Ne2+.} 31. c4 Qh5 32. Bxf6 gxf6) 31. Bxf6 Bxf6 32. Nd7 Be7 33. Nde5 Qb5 34. Qd7 (34. h4 $11) 34... Ne2+ $1 $15 35. Kh1 Qxd7 (35... Nxc3 $1 $15 36. h4 Qxd7 37. Nxd7 Bxf3 38. gxf3 Nd5 39. hxg5 Bxg5) 36. Nxd7 $11 g4 37. Ne1 f6 38. Bd1 (38. Bd3 $5 {[%cal Rd3e2]} Nf4 39. Bb5 $14) 38... Ba6 $1 39. Nc2 (39. Nb8 {with more complications.} Bb5 40. Bb3 Kf7 41. c4 Be8 42. Bd1) 39... Kf7 $1 40. Ne3 h5 41. Nb8 Bd3 $1 42. Nc6 Bc5 43. b4 Bb6 44. c4 (44. Bxe2 {keeps more tension.} Bxe2 45. Kg1 Bd3 46. g3 Ke8 47. Na5) 44... Bxe3 45. fxe3 Bxc4 46. Bxe2 Bxe2 {[%mdl 4096] Endgame KB-KN} 47. Kg1 e5 48. Kf2 Bd3 49. Nd8+ Ke7 50. Nb7 f5 51. Nc5 Bb5 52. Kg3 Bc6 53. Kh4 f4 54. exf4 exf4 55. Nd3 Bxg2 56. Nxf4 Bf3 57. Nxh5 Ke6 58. Nf4+ Ke5 59. Kg3 {Black must now prevent h4.} Bd1 60. Nd3+ Kd5 61. Nf2 Be2 {The position is equal.} 62. Nxg4 Kc4 63. h4 {[%cal Bh2h4,Bh4h5,Bh5h6][%mdl 32] Strongly threatening h5.} Kxb4 64. h5 Kc5 $1 65. h6 Bd3 66. Kf4 (66. Ne5 $5 {[%cal Re5d3]} Bb1 67. Ng4 $11) 66... Kd6 67. Nf2 Bh7 68. Kg5 {Hoping for Kf6.} Ke7 69. Ng4 Kf7 {Precision: White = 58%, Black = 64%.} 1/2-1/2

[Event "Fall Chess Classic 2017-A"]
[Site "Saint Louis"]
[Date "2017.09.12"]
[Round "7"]
[White "Naroditsky, Daniel"]
[Black "Li, Ruifeng"]
[Result "1/2-1/2"]
[WhiteElo "2626"]
[BlackElo "2548"]
[Annotator "TA"]
[PlyCount "66"]
[EventDate "2017.??.??"]
[EventType "tourn"]
[EventCountry "USA"]
[SourceTitle "playchess.com"]
[Source "ChessBase"]
[SourceQuality "1"]

{[%evp 13,66,2,6,6,7,9,8,9,18,17,35,20,20,26,34,12,19,0,0,0,0,0,0,0,0,-1,0,0,0,-12,0,0,0,0,0,0,0,-38,0,0,0,0,0,0,0,0,0,0,0,0,0,0,0,0,0]} 1. d4 Nf6 2. Bf4 e6 3. e3 d5 4. Nf3 c5 5. c3 Nc6 6. Nbd2 Be7 7. Bd3 Nh5 {LiveBook: 37 Games} 8. dxc5 {D02: 1 d4 d5 2 Nf3 sidelines, including 2...Nf6 3 g3 and 2...Nf6 3 Bf4} Nxf4 9. exf4 Bxc5 10. Nb3 $146 ({Predecessor:} 10. O-O g6 11. Nb3 Bf8 12. Re1 Bg7 13. Re3 O-O 14. Qe2 Qd6 15. g3 Bd7 {1-0 (30) Berkes,F (2658)-Tratar,M (2456) Schwarzach 2017}) 10... Bd6 11. g3 Qf6 12. Qe2 Bd7 13. O-O O-O-O 14. Nbd4 h6 15. Bb5 Nxd4 $1 16. cxd4 Bxb5 17. Qxb5 Kb8 18. Rac1 Rc8 19. a4 a6 20. Qb3 Qe7 21. Ne5 {Nc6+ is the strong threat.} (21. f5 $5) 21... Bxe5 22. fxe5 Rc7 23. Rc3 Rxc3 24. bxc3 $11 {[%mdl 4096] Endgame KQR-KQR} Rc8 25. Ra1 Rc6 26. a5 {The position is equal.} Qc7 27. Ra3 Rc4 28. Qb2 Qe7 29. Ra1 g6 30. h4 h5 31. Kg2 Qd7 32. Ra3 Qc7 33. Qa1 Qd7 {Precision: White = 71%, Black = 55%.} 1/2-1/2

[Event "Fall Chess Classic 2017-A"]
[Site "Saint Louis"]
[Date "2017.09.12"]
[Round "7"]
[White "Zherebukh, Yaroslav"]
[Black "Swiercz, Dariusz"]
[Result "1/2-1/2"]
[WhiteElo "2621"]
[BlackElo "2638"]
[Annotator "TA"]
[PlyCount "61"]
[EventDate "2017.??.??"]
[EventType "tourn"]
[EventCountry "USA"]
[SourceTitle "playchess.com"]
[Source "ChessBase"]
[SourceQuality "1"]

{[%evp 49,61,0,21,0,0,0,14,-14,-14,-14,-14,-14,-14,-27]} 1. e4 e5 2. Nf3 Nc6 3. Bb5 a6 4. Ba4 Nf6 5. O-O Be7 6. Re1 b5 7. Bb3 d6 8. c3 O-O 9. h3 Nb8 10. d4 Nbd7 11. Nbd2 {[%cal Bb1d2,Bd2f1,Bf1g3][%mdl 32]} Bb7 12. Bc2 Re8 13. Nf1 Bf8 14. Ng3 g6 15. a4 c5 16. d5 c4 17. Bg5 h6 18. Be3 Nc5 19. Qd2 h5 20. Bg5 Be7 21. Ra3 Nfd7 {C95: Closed Ruy Lopez: Breyer Variation with 10 d4} 22. Bh6 (22. Be3 Bf6 23. Rea1 Qc7 24. axb5 axb5 25. Qc1 Rxa3 26. Rxa3 Ra8 27. Qa1 {½-½ (27) Quesada Perez,Y (2627)-Bruzon Batista,L (2666) Merida 2015}) 22... Bf8 23. Bg5 Be7 24. Bh6 Bf8 25. Bg5 Be7 {LiveBook: 82 Games. The position is equal.} 26. Bxe7 (26. Be3 {is more complex.} Qc7 27. Ng5 Rec8 28. Rea1 Qd8 29. h4) 26... Qxe7 27. Rea1 Qf6 28. axb5 $146 ({Predecessor:} 28. Qd1 Nb6 29. axb5 axb5 30. Nf1 Rxa3 31. Rxa3 Bc8 32. Ne3 Bd7 33. Ra7 Kg7 34. Nd2 Nc8 35. Ra5 Nb6 36. Ra7 Nc8 {½-½ (34) Leupold,V (2319)-Staf,G (1959) ICCF email 2007}) 28... axb5 29. Rxa8 Rxa8 30. Rxa8+ Bxa8 31. Nf1 1/2-1/2

[Event "Fall Chess Classic 2017-A"]
[Site "Saint Louis"]
[Date "2017.09.12"]
[Round "7"]
[White "Petrosian, Tigran L"]
[Black "Meier, Georg"]
[Result "1/2-1/2"]
[WhiteElo "2615"]
[BlackElo "2651"]
[Annotator "TA"]
[PlyCount "66"]
[EventDate "2017.??.??"]
[EventType "tourn"]
[EventCountry "USA"]
[SourceTitle "playchess.com"]
[Source "ChessBase"]
[SourceQuality "1"]

{[%evp 16,66,0,0,10,0,0,0,0,0,2,0,0,0,7,0,0,0,0,0,0,0,4,0,14,0,18,27,17,26,22,33,47,-33,-33,-50,-31,-54,-47,-50,-14,-16,-7,-41,-32,-75,-62,-56,-44,-52,-66,-68,-37]} 1. g3 d5 2. Bg2 e5 3. d3 Nf6 4. Nf3 Bd6 5. O-O O-O 6. c4 dxc4 {A00: Irregular Openings} 7. dxc4 c6 8. Nc3 h6 9. Qc2 {LiveBook: 6 Games} Be6 $146 ({Find the theoretical novelty and annotate with similar games:} 9... Qe7 10. Nh4 Qe6 11. b3 Na6 12. Rd1 Be7 13. Nf3 Bd7 {1-0 (34) Svidler,P (2749)-Grischuk,A (2763) Astana 2012}) 10. Rd1 {[#] aiming for c5!} Qc7 11. b3 Nbd7 12. Bb2 Rad8 13. Na4 Rfe8 14. c5 Be7 15. Nd2 Nd5 16. a3 b5 17. cxb6 $1 axb6 18. Nc3 Rc8 19. Rac1 {Hoping for Nxd5.} Qb8 20. b4 Red8 21. Be4 Nf8 22. Nf3 b5 {[#]} 23. Nxe5 $1 {[%mdl 512]} Bg5 (23... Qxe5 24. Nxd5) 24. Nd3 (24. Rb1 $14) 24... Bxc1 $15 25. Qxc1 Nf6 26. Bg2 Bc4 27. Nc5 Rxd1+ 28. Nxd1 N8d7 29. Nxd7 Nxd7 30. Bh3 Be6 31. Qc3 {[%csl Gb2][%cal Rc3g7] Black is slightly better.} Nf6 32. Bxe6 fxe6 33. Ne3 Qc7 {Precision: White = 65%, Black = 61%.} 1/2-1/2

[Event "Fall Chess Classic 2017-A"]
[Site "Saint Louis"]
[Date "2017.09.13"]
[Round "8"]
[White "Meier, Georg"]
[Black "Naroditsky, Daniel"]
[Result "1/2-1/2"]
[WhiteElo "2651"]
[BlackElo "2626"]
[Annotator "TA"]
[PlyCount "69"]
[EventDate "2017.??.??"]
[EventType "tourn"]
[EventCountry "USA"]
[SourceTitle "playchess.com"]
[Source "ChessBase"]
[SourceQuality "1"]

{[%evp 14,69,31,24,35,16,41,29,30,38,45,27,22,14,16,0,22,16,18,24,29,20,53,56,150,157,132,58,49,48,62,42,32,39,48,29,32,27,19,14,34,18,58,21,39,0,0,0,0,0,2,10,17,0,18,0,0,0]} 1. d4 Nf6 2. c4 e6 3. Nf3 d5 4. g3 dxc4 5. Bg2 c6 6. a4 {E04: Open Catalan: 5 Nf3} c5 7. O-O Nc6 8. dxc5 {LiveBook: 6 Games. White is slightly better.} Nd5 $146 ({Predecessor:} 8... Qxd1 9. Rxd1 Bxc5 10. Nbd2 c3 11. bxc3 O-O 12. Nb3 Be7 13. Nfd4 Rd8 14. Bxc6 bxc6 {1-0 (66) Sasikiran,K (2653)-Ismagambetov,A (2497) Moscow 2010}) 9. b3 cxb3 10. Bb2 Nf6 11. Qxd8+ Nxd8 12. Nbd2 Bxc5 13. Nxb3 Be7 14. Ne5 O-O 15. Rfc1 Nd5 16. a5 Bf6 17. Rab1 b6 18. e4 {[%cal Be2e4,Be4e5,Be5f6][%mdl 32]} Bxe5 (18... Nb4 $14) 19. Bxe5 $16 Nf6 20. Bxf6 (20. Ra1 $16) 20... gxf6 $14 21. e5 Bb7 22. exf6 (22. Ra1 $5 {[%cal Ra5b6]}) 22... Bxg2 $1 23. Kxg2 {Strongly threatening axb6.} Nb7 24. axb6 axb6 25. Nd2 Nc5 26. Rc4 Rfd8 27. Ne4 Ra4 28. Rxa4 Nxa4 {[%mdl 4096] Endgame KRN-KRN} 29. Rb4 Nc5 {The position is equal.} 30. Kf3 Rd5 31. Rxb6 {[#] Rb8+ would kill now.} h5 {[%cal Bh7h5,Bh5h4][%mdl 32]} 32. Nxc5 Rxc5 33. Kg2 Rf5 34. f4 h4 35. Kf3 {Precision: White = 63%, Black = 52%.} 1/2-1/2

[Event "Fall Chess Classic 2017-A"]
[Site "Saint Louis"]
[Date "2017.09.13"]
[Round "8"]
[White "Shimanov, Aleksandr"]
[Black "Zherebukh, Yaroslav"]
[Result "1/2-1/2"]
[WhiteElo "2646"]
[BlackElo "2621"]
[Annotator "TA"]
[PlyCount "82"]
[EventDate "2017.??.??"]
[EventType "tourn"]
[EventCountry "USA"]
[SourceTitle "playchess.com"]
[Source "ChessBase"]
[SourceQuality "1"]

{[%evp 24,82,3,2,0,6,13,9,23,-27,-3,-12,-12,-7,0,0,27,37,97,92,108,76,83,68,120,106,111,86,143,134,151,145,149,144,149,100,112,99,102,18,89,56,70,45,37,37,33,25,45,0,0,-86,-94,-145,-133,-202,-8,-2,-5,-5,-6]} 1. c4 Nf6 2. g3 c6 3. Bg2 d5 4. Nf3 g6 5. b3 Bg7 6. Bb2 O-O 7. O-O Bg4 8. d3 Nbd7 9. Nbd2 Re8 10. h3 Bxf3 11. Bxf3 e5 {A11: English Opening: 1...c6} 12. cxd5 cxd5 13. Bg2 {LiveBook: 4 Games} a5 (13... Rc8 14. Rc1 Qa5 15. a3 {1-0 (33) Bacrot,E (2720)-Safarli,E (2649) Dubai 2014}) 14. Rc1 $146 ({Find the theoretical novelty and annotate with similar games:} 14. a3) 14... Nb8 15. Nb1 Bh6 16. Rc5 Qb6 17. Rxd5 Nxd5 18. Bxd5 Nd7 19. Nc3 Nf6 (19... a4 $5) 20. Bc4 e4 {[#]} ({Black should try} 20... Bg7 $14) 21. dxe4 $1 $16 Rad8 22. Qb1 Bg7 23. a4 Re7 (23... Qc6 $14) 24. Ba3 Ree8 25. Qc2 Rc8 ({Better is} 25... Qc6) 26. Qd3 Bf8 27. Bc1 Bc5 28. Qf3 Bd4 29. Nb5 Rxc4 30. bxc4 {And now Be3 would win.} Nxe4 31. Bh6 (31. Bf4 $16) 31... Bg7 (31... g5 $11 {keeps the balance.} 32. Nxd4 Qxd4) 32. Bxg7 Kxg7 33. Rd1 Qc6 34. Rd4 Ng5 $1 {[%cal Rg5f3]} 35. Qg4 Re5 ({Not} 35... Rxe2 $2 36. Qxe2 Nf3+ 37. Kf1 $18) 36. Nc3 Rxe2 37. Nd5 ({Reject} 37. Nxe2 Nf3+ 38. Kg2 Nxd4+ 39. Kf1 Ne6 $17) (37. Qxe2 $11 {was the only way to keep the balance.} Nf3+ 38. Kf1 Nxd4 39. Qe5+ Qf6 40. Qd5) 37... Re1+ $17 38. Kg2 {[#]} (38. Kh2 $142 Ne6 39. Rd3) 38... Ne6 $1 39. Rd2 ({Wrong is} 39. Re4 $2 f5 $19) (39. Rd1 $17 h5 40. Qf3 Rxd1 41. Qxd1) 39... f5 $2 (39... Qxa4 $19 {Threatens to win with ...h5.} 40. Ne3 Qc6+ 41. Rd5 h5) 40. Qf3 $11 Qxc4 {( -> ...Qf1+)} 41. Ne3 $1 Qc6 {Precision: White = 58%, Black = 52%.} 1/2-1/2

[Event "Fall Chess Classic 2017-A"]
[Site "Saint Louis"]
[Date "2017.09.13"]
[Round "8"]
[White "Swiercz, Dariusz"]
[Black "Kovalev, Vladislav"]
[Result "1-0"]
[WhiteElo "2638"]
[BlackElo "2640"]
[Annotator "TA"]
[PlyCount "171"]
[EventDate "2017.??.??"]
[EventType "tourn"]
[EventCountry "USA"]
[SourceTitle "playchess.com"]
[Source "ChessBase"]
[SourceQuality "1"]

{[%evp 20,171,48,59,101,98,100,85,104,110,88,87,92,79,80,68,78,77,76,64,65,56,60,72,75,62,80,76,145,104,93,93,106,37,53,54,54,39,16,19,29,33,180,71,61,55,56,56,88,82,70,87,79,64,93,29,71,49,63,54,51,6,15,0,22,0,95,94,87,75,87,87,95,95,191,197,200,202,193,189,222,219,219,205,305,293,331,326,326,260,242,242,242,242,512,514,911,1355,1146,1133,1023,984,1088,706,1093,1021,939,878,1279,1372,2143,1539,5073,4602,29952,4133,4594,5208,29965,29966,29955,1649,29966,29963,29961,4706,29976,29968,29962,29954,29977,29976,29978,29978,29978,29977,29979,29979,29980,29977,29977,29976,29976,29977,29979,29978,29978,29979,29979,29979,29981,29982,29984,29985]} 1. d4 Nf6 2. c4 g6 3. Nc3 Bg7 4. e4 d6 5. Nf3 O-O 6. Be2 e5 7. O-O c6 8. d5 Na6 9. Re1 Nc5 {E94: King's Indian: Classical: 6 Be2 e5 7 0-0: Various Black 7th moves} 10. Qc2 (10. Nd2 a5 11. b3 Bh6 12. Qc2 Ng4 13. Nf1 Bxc1 14. Raxc1 Nh6 15. Qd2 Kg7 16. dxc6 bxc6 17. Red1 {1-0 (45) Aronian,L (2793)-Jobava,B (2707) Leuven 2017}) 10... a5 11. Be3 {LiveBook: 7 Games} Ng4 {White is slightly better.} 12. Bxc5 $1 dxc5 13. Rad1 {[#] Hoping for dxc6.} Qd6 $146 ({Find the theoretical novelty and annotate with similar games:} 13... Qc7 14. h3 Nf6 15. d6 Qd8 16. Nxe5 Nd7 17. Nd3 {1-0 (33) Xu,Y (2470)-Piorun,K (2637) Doha 2015}) 14. h3 Nh6 15. dxc6 Qxc6 16. Nb5 f6 17. Nh2 Be6 18. Ng4 Rad8 19. Nxh6+ (19. Ne3 {feels hotter.} f5 20. Bf3 f4 21. Nd5 Rd7 22. Ndc7) 19... Bxh6 20. Bg4 Bf7 $1 21. h4 Rfe8 22. a4 Kf8 23. Rd3 Ke7 (23... Kg8 $142) 24. Red1 Rd4 25. Nxd4 cxd4 26. Rh3 (26. b3 $16) 26... Qxc4 $14 27. Qxc4 Bxc4 28. h5 {Black must now prevent b3.} Bg5 29. hxg6 hxg6 30. Rh7+ Bf7 ({Black should try} 30... Kd6 $1 $14) 31. g3 (31. Rd3 $1 $18) 31... Kf8 $16 32. Kg2 Re7 $1 33. Be2 {Strongly threatening Rh8+.} f5 34. Bd3 Kg8 35. Rdh1 Bf6 36. f3 fxe4 37. fxe4 (37. Bxe4 $16 d3 38. Bxd3) 37... Rc7 38. Kf3 Bg7 39. R7h2 Bb3 40. Ra1 Bf6 41. Ke2 Be6 42. Kf1 Bc4 (42... Bg5 $11 {keeps the balance.}) 43. Bxc4+ Rxc4 {[%mdl 4096] Endgame [#] KRR-KRB} 44. Rf2 $1 {[%cal Rf2f6]} Bg5 45. Ra3 Rc1+ 46. Kg2 Be3 (46... b6 $16 {is a better defense.}) 47. Rf6 $18 Kg7 {[#]} 48. Re6 $1 Rc2+ 49. Kf3 Rxb2 50. Rxe5 Bd2 51. Rd5 Bb4 (51... Kf6 $142 52. Rxd4 Bb4) 52. Rd3 Bc3 53. e5 Kf7 54. Rd6 b5 55. axb5 Rxb5 56. Ke4 Bb2 $2 (56... Rb1 57. Rf3+ Kg7) 57. Ra6 Kg7 (57... Kf8 $142 58. Rxg6 Kf7) 58. Ra7+ Kh6 59. e6 Bc3 60. e7 Rb1 {[#]} 61. Re3 $1 {[%mdl 512]} Rb8 (61... dxe3 62. e8=Q) 62. Rf3 {And now Rf8 would win.} Bb4 63. Kxd4 Re8 64. Rf7 Kg5 65. Ke5 Kg4 66. Ke6 g5 67. Rg7 Rb8 68. Kf7 Bxe7 69. Rxe7 Rb5 70. Re3 (70. Re4+ $142 Kxg3 71. Kf6 Rb6+ 72. Kxg5 Kf3 73. Re5 a4 74. Rf7+ Kg3 75. Re4 Rb5+ 76. Rf5) 70... a4 71. Ra3 Ra5 72. Kf6 (72. Ke6 $142 Ra6+ 73. Kd5 Kh3 74. Rh7+ Kg4 75. Kc4 Ra8 76. Rg7 Rc8+ 77. Kb5) 72... Rf5+ 73. Ke6 {White mates.} Ra5 74. Rd7 Kh3 75. Rd4 g4 76. Rdxa4 Rb5 77. Rd4 Rb2 78. Kf5 Rb8 79. Rd6 Rb5+ 80. Ke4 Rb4+ 81. Rd4 Rb1 82. Re3 Rb8 83. Rd5 Rb4+ 84. Kf5 Rb8 85. Kf4 Rb4+ 86. Re4 {Precision: White = 66%, Black = 42%.} 1-0

[Event "Fall Chess Classic 2017-A"]
[Site "Saint Louis"]
[Date "2017.09.13"]
[Round "8"]
[White "Ju, Wenjun"]
[Black "Li, Ruifeng"]
[Result "0-1"]
[WhiteElo "2574"]
[BlackElo "2548"]
[Annotator "TA"]
[PlyCount "76"]
[EventDate "2017.??.??"]
[EventType "tourn"]
[EventCountry "USA"]
[SourceTitle "playchess.com"]
[Source "ChessBase"]
[SourceQuality "1"]

1. d4 {Program Activation Required} Nf6 2. c4 e6 3. Nc3 Bb4 4. Nf3 b6 5. e3 Bb7 6. Bd3 O-O 7. O-O d5 8. cxd5 exd5 9. Ne5 Be7 {E52: Nimzoindisch (Moderne Variante)} (9... c5 10. f4 Nc6 11. Ne2 c4 12. Bc2 Ne7 13. Ng3 Nc8 14. Nh5 Be7 15. b3 cxb3 16. axb3 Nd6 17. Nxf6+ Bxf6 {1-0 (32) Caruana,F (2807)-Karjakin,S (2773) Saint Louis 2017}) 10. b3 $146 ({Vorgänger:} 10. f4 c5 11. Qf3 Nc6 12. Qh3 Nxe5 13. fxe5 Ne4 14. Bxe4 dxe4 15. d5 Re8 16. b3 {0-1 (16) Pinter,J (2560)-Renet,O (2515) Haifa 1989}) 10... c5 11. Bb2 Nc6 12. Ne2 Rc8 13. Rc1 g6 14. Nf4 Na5 15. Qe2 Bd6 16. Ba6 Bxa6 17. Qxa6 c4 18. bxc4 dxc4 19. Bc3 Ne4 20. Bxa5 bxa5 21. Rfd1 c3 22. Qb7 c2 23. Rd3 Nc3 24. Nc6 Rxc6 25. Qxc6 Nxa2 26. Qxc2 Nxc1 27. Qxc1 a4 28. g3 Qa5 29. Qa1 Rb8 30. e4 a3 31. e5 a2 32. Rd1 Bb4 33. Ne2 Bd2 34. Kg2 Qd5+ 35. f3 Ba5 36. Rc1 Qb3 37. Kf2 Bd2 38. Rd1 Qe3+ 0-1

[Event "Fall Chess Classic 2017-A"]
[Site "Saint Louis"]
[Date "2017.09.13"]
[Round "8"]
[White "Liang, Awonder"]
[Black "Petrosian, Tigran L"]
[Result "1/2-1/2"]
[WhiteElo "2545"]
[BlackElo "2615"]
[Annotator "TA"]
[PlyCount "115"]
[EventDate "2017.??.??"]
[EventType "tourn"]
[EventCountry "USA"]
[SourceTitle "playchess.com"]
[Source "ChessBase"]
[SourceQuality "1"]

{[%evp 15,115,15,12,20,29,-4,-4,-16,0,-20,-21,-24,-12,-14,-13,-27,-22,-24,-27,-29,-16,-33,-26,-60,-20,-24,-16,-24,0,0,-14,-30,-20,-49,-50,-52,-52,-43,-50,-52,-47,-40,-45,-49,-25,-33,-12,-15,-7,-12,-13,-7,27,21,14,0,0,0,0,0,0,0,3,0,0,0,0,0,0,0,0,0,0,0,0,0,0,0,12,0,0,-18,0,0,0,0,0,-10,0,0,0,0,15,15,15,15,15,15,15,15,49,49]} 1. e4 b6 2. d4 Bb7 3. Bd3 e6 4. Nf3 c5 5. c3 Nf6 6. Qe2 Be7 7. O-O d5 {B00: Queen's Fianchetto Defence, Nimzowitsch Defence} 8. exd5 (8. e5 Nfd7 9. Nbd2 Qc8 10. Re1 cxd4 11. cxd4 Ba6 12. Nf1 Bxd3 13. Qxd3 Qa6 14. Qd1 Nc6 15. a3 {1-0 (29) Vitiugov,N (2725)-Edouard,R (2636) Berlin 2015}) 8... Qxd5 {LiveBook: 3 Games} 9. dxc5 Qxc5 {The position is equal.} 10. Be3 Qh5 11. Nd4 $146 ({Predecessor:} 11. Bb5+ Bc6 12. Nd4 Bxb5 13. Qxh5 Nxh5 14. Nxb5 Na6 15. a4 {1-0 (62) Diaz Camallonga,C (2167)-Onna Amargant,J (1980) Catalunya 2013}) 11... Qd5 {[%csl Gb7][%cal Rd5g2] [#]} 12. Bb5+ Nbd7 {[%csl Gb7][%cal Rd5g2]} 13. Nf3 a6 14. Ba4 Qa5 15. Bxd7+ Nxd7 16. Rd1 Qh5 17. Nbd2 b5 18. Nd4 Qg6 {[%csl Gb7][%cal Rg6g2]} 19. N2f3 Ne5 20. Bf4 Nxf3+ 21. Nxf3 Qe4 (21... Qf5 {feels hotter.} 22. Bc7 Rc8 23. Ba5 Bc5 24. a3 Bxf3 25. Qxf3 Qxf3 26. gxf3 Ke7) 22. Qxe4 Bxe4 23. Nd2 Bc6 24. Nf1 g5 25. Bc7 Rc8 26. Ba5 h5 27. Ne3 h4 28. h3 f5 29. Nc2 g4 30. Nd4 $1 Bb7 {With the idea ...Kf7.} 31. Nxe6 Rg8 {Strongly threatening ...gxh3.} 32. Kf1 gxh3 33. gxh3 Kf7 34. Nf4 $1 Rc4 35. Rd7 {Hoping for Re1.} Bc6 36. Rc7 {Threatens to win with Re1.} Bf3 37. Re1 Rxc7 38. Bxc7 Bg5 39. Re3 Be4 40. f3 Bb1 41. Re1 Bxa2 42. Re5 Bb1 43. Rd5 Re8 44. Kf2 Re7 45. Bb8 Rb7 46. Be5 b4 47. cxb4 Rxb4 48. Nd3 Rb3 49. Nc5 Rb5 50. Bd4 Be7 51. Ke3 a5 52. Rd7 Ke8 53. Rb7 Rxc5 {[#]} (53... Rb4 {seems wilder.} 54. Rxb4 axb4 55. Nd3 Kf7 56. Kd2 Ke6) 54. Rxe7+ $1 {[%mdl 512]} Kxe7 55. Bxc5+ Kf6 56. Bb6 a4 57. Bd8+ Kg6 58. Bxh4 {Precision: White = 65%, Black = 68%.} 1/2-1/2

[Event "Fall Chess Classic 2017-A"]
[Site "Saint Louis"]
[Date "2017.09.14"]
[Round "9"]
[White "Kovalev, Vladislav"]
[Black "Shimanov, Aleksandr"]
[Result "1/2-1/2"]
[WhiteElo "2640"]
[BlackElo "2646"]
[Annotator "TA"]
[PlyCount "63"]
[EventDate "2017.??.??"]
[EventType "tourn"]
[EventCountry "USA"]
[SourceTitle "playchess.com"]
[Source "ChessBase"]
[SourceQuality "1"]

{[%evp 35,63,10,9,0,0,0,0,0,0,0,0,0,24,24,24,23,24,18,28,25,25,27,24,4,20,6,11,4,12,6]} 1. e4 c6 2. d4 d5 3. Nc3 dxe4 4. Nxe4 Bf5 5. Ng3 Bg6 6. h4 h6 7. Nf3 Nd7 8. h5 Bh7 9. Bd3 Bxd3 10. Qxd3 e6 11. Bd2 Ngf6 12. O-O-O Bd6 13. Ne4 Nxe4 14. Qxe4 Nf6 {B19: Classical Caro-Kann: 4...Bf5 main line} 15. Qe2 Bc7 16. Kb1 Qd5 17. c4 Qe4+ 18. Qxe4 Nxe4 {LiveBook: 7 Games} 19. Be1 O-O-O 20. Kc2 $146 ({Find the theoretical novelty and annotate with similar games:} 20. Rh4 f5 21. Rd3 Rd7 22. Nd2 Nxd2+ 23. Bxd2 {0-1 (47) Van Randtwijk,M (1947)-Landa,K (2597) Vlissingen 2016}) 20... Rhe8 21. Ne5 f6 22. Ng6 e5 23. dxe5 Rxd1 24. Kxd1 Bxe5 25. Nxe5 Rxe5 $11 {[%mdl 4096] Endgame KRB-KRN} 26. f3 Nd6 27. Bg3 Re6 28. b3 Nf5 29. Bf2 Ne3+ {The position is equal.} 30. Bxe3 (30. Kd2 $5 {[%cal Rf2e3]} Nxg2 31. Bg3 $11 (31. Bxa7 Re5 $11)) 30... Rxe3 31. Kd2 Re7 32. g4 1/2-1/2

[Event "Fall Chess Classic 2017-A"]
[Site "Saint Louis"]
[Date "2017.09.14"]
[Round "9"]
[White "Naroditsky, Daniel"]
[Black "Liang, Awonder"]
[Result "1/2-1/2"]
[WhiteElo "2626"]
[BlackElo "2545"]
[Annotator "TA"]
[PlyCount "132"]
[EventDate "2017.??.??"]
[EventType "tourn"]
[EventCountry "USA"]
[SourceTitle "playchess.com"]
[Source "ChessBase"]
[SourceQuality "1"]

1. b3 {Program Activation Required} Nf6 2. Bb2 g6 3. Bxf6 exf6 4. c4 d5 (4... f5 5. Nc3 d6 6. g3 Nd7 7. Bg2 Nf6 8. e3 h5 9. h4 Bh6 10. Nge2 O-O 11. O-O Re8 12. Nf4 c6 13. Nce2 a5 14. Qc2 Bd7 15. a3 Ng4 16. Rab1 Bg7 17. b4 axb4 18. axb4 Ra3 19. d4 {½-½ (19) Iturrizaga Bonelli,E (2662)-Ponomariov,R (2692) Linares 2017}) 5. cxd5 Qxd5 6. Nc3 {A01: Larsen-Eröffnung} Qa5 7. a3 c6 8. Nf3 Bg7 9. e3 O-O 10. Bc4 $146 ({Vorgänger:} 10. b4 Qc7 11. Rc1 Qe7 12. d4 {½-½ (29) Kozionov,K (2440)-Gluhovsky,M (2262) Moscow 2017}) 10... f5 11. b4 Qd8 12. O-O Nd7 13. d4 a5 14. Ne2 Nb6 15. Bb3 Nd5 16. Bxd5 Qxd5 17. Nf4 Qb5 18. Rb1 axb4 19. axb4 Bh6 20. Ne2 f4 21. Nxf4 Bxf4 22. exf4 Bg4 23. h3 Bxf3 24. Qxf3 Rad8 25. Qc3 Rd5 26. Rfe1 Qb6 27. Re4 Qd8 28. Rbe1 Qd6 29. g3 Rb5 30. Rb1 Rd5 31. h4 h5 32. b5 cxb5 33. Re5 Rxd4 34. Rexb5 Rd1+ 35. Rxd1 Qxd1+ 36. Kg2 Re8 37. Rxb7 Qd5+ 38. Qf3 Qxf3+ 39. Kxf3 Kg7 40. g4 hxg4+ 41. Kxg4 Re2 42. Kf3 Ra2 43. Rb5 Kf6 44. Kg3 Ra3+ 45. f3 Ra1 46. Rb6+ Kf5 47. Rb7 Kf6 48. f5 gxf5 49. Rb6+ Kg7 50. Kf4 Ra4+ 51. Kg5 f6+ 52. Rxf6 Rxh4 53. Ra6 Rb4 54. Kxf5 Kf7 55. Rf6+ Kg7 56. Re6 Kf7 57. Rf6+ Kg7 58. Rc6 Kf7 59. f4 Rb5+ 60. Kg4 Ra5 61. Rb6 Rc5 62. f5 Rc1 63. Rb3 Rg1+ 64. Rg3 Rxg3+ 65. Kxg3 Kf6 66. Kf2 Kxf5 1/2-1/2